GENETİĞİYLE OYNANMIŞ KAVRAMLAR (Kayıt no. 753634)

MARC ayrıntıları
000 -LEADER
sabit uzunluktaki kontrol alanı 00272nam a2200097Ia 4500
001 - KONTROL NUMARASI
kontrol alanı 753634
005 - EN SON İŞLEMİN TARİH VE ZAMANI
kontrol alanı 20250826164725.0
008 - SABİT-UZUNLUKTA VERİ ÖĞELERİ--GENEL BİLGİ
sabit uzunluktaki kontrol alanı 250824s9999 xx 000 0 und d
245 #0 - ESER / YAZAR
ESER ADI GENETİĞİYLE OYNANMIŞ KAVRAMLAR
Yazar Adı SAFFET KÖSE
260 ## - YAYIN, DAĞITIM, VB.
YAYIN EVİ SELÇUKLU BELEDİYESİ YAYINLARI
Mevcut
Düşüm durumu Kayıp durumu Hasar Durumu Ödünç verilmez Ana kütüphane Geçerli Kütüphane Edinilen tarih Toplam ödünç verme sayısı Barkod Son görüntüleme tarihi Fiyatın geçerli olmaya başladığı tarih Koha materyal türü
        NENE HATUN İMAM HATİP ORTAOKULU NENE HATUN İMAM HATİP ORTAOKULU 24.08.2025   10251691 26.08.2025 26.08.2025 Kitaplar
Gemini Bilgi Teknolojileri A.Ş. tarafından düzenlenmiştir.